La corteza amarga
Uloženo v:
| Hlavní autor: | |
|---|---|
| Médium: | Kniha |
| Jazyk: | Undetermined |
| Vydáno: |
Guatemala
Serviprensa Centroamericana
1987
|
| Témata: | |
| Tagy: |
Přidat tag
Žádné tagy, Buďte první, kdo vytvoří štítek k tomuto záznamu!
|
MARC
| LEADER | 00000nam a2200000Ia 4500 | ||
|---|---|---|---|
| 008 | 170316s9999 xx 000 0 und d | ||
| 040 | |a cru BVZT | ||
| 090 | |a 860 V-3.1c | ||
| 100 | |a Valladares, León | ||
| 245 | |a La corteza amarga | ||
| 260 | |a Guatemala | ||
| 260 | |b Serviprensa Centroamericana | ||
| 260 | |c 1987 | ||
| 300 | |a 205 páginas | ||
| 650 | |a LITERATURA LATINOAMERICANA | ||
| 999 | |c 9309 |d 9309 | ||
| 942 | |c 15 D |h 860 V-3.1c |2 z | ||
